000 00536nam a22001817a 4500
999 _c160397
_d160397
005 20190128150947.0
010 _aENG-124666
020 _a9789350578612
_c250.00
035 _aEN-108198
037 _bDBAD/PUB
082 _a004
100 _aBittu Kumar
245 _aComputer basics:
_cby Bittu Kumar
_bbasics of computer/
260 _aNew Delhi
_bV & S Publishers
_c2018
270 _aF-2/16, Ansari Road, Daryaganj,
_bNew Delhi
_e110002
300 _a125p.
_c25cm.(pbk)
_bill.
942 _2ddc
_cEN
_mBIT
_h004